000 00288nam a22001337a 4500
999 _c527964
_d527964
003 NUST
038 _aM.Ramzan
082 _a579
_bPEL
100 _aJ, Michael
_919463
245 _aMicrobiology
_cMichael J.
260 _aIslamabad
_bN.B.F
300 _a918 p, :
_c25cm
942 _2ddc
_cBK